Countries That Don't Contain A - Statistics

General Stats
  • This quiz has been taken 2,846 times
    2,787 since last reset
  • The average score is 26 of 30
Answer Stats
Answer % Correct
Chile
96%
Peru
95%
Fiji
93%
Sweden
93%
Mexico
92%
Egypt
91%
Luxembourg
91%
Belgium
90%
Greece
90%
Yemen
90%
Liechtenstein
89%
Belize
88%
Kosovo
88%
Morocco
88%
Togo
87%
Benin
86%
Djibouti
86%
Turkey
86%
Niger
85%
United Kingdom
85%
Cyprus
83%
Lesotho
83%
Brunei
82%
Burundi
82%
Comoros
82%
Montenegro
80%
Seychelles
79%
Philippines
77%
Republic of the Congo
74%
Czech Republic
71%
No matching quizzes found
Score Distribution
Percent of People with Each Score
Percentile by Number Answered
Your Score History
You have not taken this quiz since the last reset